Matematika krok za krokom na EU

Salvato in:
Dettagli Bibliografici
Autore principale: Peller, František
Ente Autore: Ekonomická univerzita v Bratislave
Altri autori: Šáner, Viliam, Pinda, Ľudovít, 1958-, Eliáš, Jozef
Natura: Libro
Lingua:slovacco
Pubblicazione: Bratislava Vydavateľstvo EKONÓM 2002
Soggetti:
Tags: Aggiungi Tag
Nessun Tag, puoi essere il primo ad aggiungerne!!

MARC

LEADER 00000nam a2200000 4500
001 c132313
005 20221108124939.5
020 |a 80-225-1529-9 
041 0 |a slo 
044 |a SK 
245 1 0 |a Matematika  |b krok za krokom na EU  |c František Peller ... [et al.] 
264 1 |a Bratislava  |b Vydavateľstvo EKONÓM  |c 2002 
300 |a 335 s. 
610 2 0 |a matematika 
610 2 0 |a kombinatorika 
610 2 0 |a metódy matematické 
100 1 |a Peller, František 
700 1 |a Šáner, Viliam 
700 1 |a Pinda, Ľudovít, 1958- 
700 1 |a Eliáš, Jozef 
710 2 |a Ekonomická univerzita v Bratislave